01526 2200541 4500001002100000005001500021035002000036245016400056100008800220250000600308300003800314700002300352260003400375082001300409084002000422020002200442650001000464990001700474990001700491990001700508990001700525990001700542990001700559990001700576990001700593990001700610990001700627990001700644990001700661990001700678990001700695990001700712990001700729990001700746990001700763990001700780990001700797990001700814990001700831990001700848990001700865990001700882990001700899990001700916990001700933990001700950990001700967INLIS00000000000003620180730121707 a0010-07180000361 aTerjemah Syarah Matan Sunan At Turmudzi /cAl Imam Al Imam Hafizh Abul 'Ula Muhammad Abdurrahman bin Abdurrahim Al Mubarakfuri; Alih bahasa, Drs. Zaenuri Siroj0 aAl Imam Al Imam Hafizh Abul 'Ula Muhammad Abdurrahman bin Abdurrahim Al Mubarakfuri a- axxiii,120 hlm. :bilus. ;c25 cm.0 aDrs. Zaenuri Siroj aTangerang :bPT Albama,c2009 a297.3822 a297.3822 IMA t a978-602-316-904-7 aAdzan a00145/P/2018 a00146/P/2018 a00147/P/2018 a00148/P/2018 a00149/P/2018 a00145/P/2018 a00146/P/2018 a00147/P/2018 a00148/P/2018 a00149/P/2018 a00146/P/2018 a00145/P/2018 a00147/P/2018 a00148/P/2018 a00149/P/2018 a00147/P/2018 a00145/P/2018 a00146/P/2018 a00148/P/2018 a00149/P/2018 a00148/P/2018 a00145/P/2018 a00146/P/2018 a00147/P/2018 a00149/P/2018 a00149/P/2018 a00145/P/2018 a00146/P/2018 a00147/P/2018 a00148/P/2018